=LDR 00000nam 2200000 4500 =001 INLIS00000000000033 =005 20260702043538 =020 ##$$a 978-623-98119-9-0 =082 ##$$a 523.203 =100 1#$$a Rizkiawan, Achmad Gilang =245 1 $$a Ensiklopedia - Tata Surya /$c Achmad Gilang Rizkiawan =300 ##$$a 32 ; 21 x 22